000 00732nam a2200217Ii 4500
003 JO-AjNU
008 230605s9999||||xx |||||||||||||| ||und||
017 _a1992/10/739
040 _aJO-AjNU
_bara
_erda
_cJO-AjNU
041 _aara
050 1 4 _aJS7499.J65.G4.1992
100 3 _aغزوي ، محمد سليم محمد,
_eauthor
_918860
245 0 0 _aنظرات حول الادارة المحلية في المملكة الاردنية الهاشمية
250 _aط1
264 3 1 _aعمان : محمد سليم محمد غزوي ،1994
300 _a175ص
336 _atext
_btxt
_2rdacontent
337 _aunmediated
_bn
_2rdamedia
338 _avolume
_bnc
_2rdacarrier
650 4 _aالادارة المحلية
_918861
999 _aA6111
_c9679
_d9679